| 000 | 00575nam a22001937a 4500 | ||
|---|---|---|---|
| 999 |
_c758 _d758 |
||
| 003 | UDS | ||
| 005 | 20210928060604.0 | ||
| 008 | 161117b xxu||||| |||| 00| 0 eng d | ||
| 020 | _a81-7040-910-1 | ||
| 040 |
_cLC _aLC _bEng. _dLC |
||
| 050 |
_aHB850. _bB36 |
||
| 100 | _qBhende, Asha A. ; Tara Kanitkar | ||
| 245 |
_aPrinciples of population studies _c/ Asha Bhende A. ; Tara Kanitkar |
||
| 250 | _a6th ed. | ||
| 260 |
_aIndia : _bHimalaya Publishing House, _c1994. |
||
| 300 |
_a503p. : _bill.; _c22cm |
||
| 600 |
_2Demography. _x Population. Vital events |
||
| 942 |
_2lcc _cBK |
||